000 01039nam0a22002531 4500
001 rc\734995
005 20040301141831.3
035 _a(NLR Aleph) 006265173
090 _a6890623
_c6890623
100 _a20040301d1985 u |0rusy50 ca
101 0 _arus
102 _aRU
105 _ay |||||||||
200 1 _aПрименение лазеров в медицине (декабрь 1984)
_f[Науч. ред. д. м. н. П.Г. Швальб]
210 _aМ.
_cИзд-во ЦНИИ "Электроника"
_d1985
215 _a24 с.
_d20
225 1 _aТезисы докладов конференции
_fЦНИИ "Электроника"
_vВып. 220
_hСерия 11
_iЛазерная техника и оптоэлектроника
_vВып. 1
300 _aВ надзаг. также: М-во электрон. пром-сти СССР
702 1 _aШвальб
_bП. Г.
_gПавел Григорьевич
_4340
801 0 _aRU
_bNLR
_gpsbo
801 1 _aRU
_bELAR
_2rusmarc
852 _aNLR
_jП11/2650
942 _cBOOK
980 _aNB